00429nam a22001577a 450000500170000001000140001702000220003103500130005303700130006608200120007910000190009124500400011026000360015027000570018630000280024320100811145439.0 aENG-99648 a8190778641c75.00 aEN-83180 bDBAD/PUB a001.642 aDeepa, V. Baby aData structures /cby V. Baby Deepa aChennaibSekar Pathipagamc2009 a66, Periyar Street, M. G. R. Nagar,bChennaie600078 a162p.:billc20cm (pbk)